000 00750nam a2200253Ia 4500
003 OSt
005 20221005070112.0
006 a|||||r|||| 00| 0
007 ta
008 221004b |||||||| |||| 00| 0 eng d
020 _cIndian Rupees 00
024 _a69844
037 _bGift, 03/11/2021,
_cTextual
040 _aCRL
_cCRL
_beng
041 _2eng
_aeng
082 _aY:7:7,d.2, Q7
100 _aTata Ratan N.
_9480769
245 0 _aPathways of hope stories of courage
_ba journey in mental health and wellness
260 _aMumbai
_bSir Borabji Tata Trust India
_c2017
300 _a178p.
_ccm.
650 _aSOCIOLOGY
942 _hY:7:7,d.2, Q7
_cTEXL
_2cc
999 _c975688
_d975688